¿La Organización Mundial del comercio? Detengan la apropiación del mundo /

Spremljeno u:
Bibliografski detalji
Glavni autor: Tabb, William K
Format: Tekst
Teme:
Oznake: Dodaj oznaku
Bez oznaka, Budi prvi tko označuje ovaj zapis!

MARC

LEADER 00000 a a2200000 04500
001 10972
003
040
100 |a Tabb, William K  
245 |a ¿La Organización Mundial del comercio? Detengan la apropiación del mundo /  |c William K Tabb 
650 |a COMERCIO INTERNACIONAL  
650 |a ORGANIZACIONES INTERGUBERNAMENTALES  
650 |a OMC  
773 |g número 3; páginas 9-14  
999 |c 27158  |d 27158